English File 1 : (Record no. 12328)

MARC details
000 -LEADER
fixed length control field 00718nam a22001817a 4500
008 - FIXED-LENGTH DATA ELEMENTS--GENERAL INFORMATION
fixed length control field 090709t xxu||||| |||| 00| 0 eng d
020 ## - INTERNATIONAL STANDARD BOOK NUMBER
International Standard Book Number 9780194368957 (CD-ROM)
082 ## - DEWEY DECIMAL CLASSIFICATION NUMBER
Edition number 22
Classification number 428.24
Item number OXE
100 ## - MAIN ENTRY--PERSONAL NAME
Personal name Oxenden, Clive
9 (RLIN) 7943
245 ## - TITLE STATEMENT
Title English File 1 :
Statement of responsibility, etc Clive Oxenden, Paul Seligson
Remainder of title Class audio CDs /
260 ## - PUBLICATION, DISTRIBUTION, ETC. (IMPRINT)
Place of publication, distribution, etc Oxford:
Name of publisher, distributor, etc Oxford University Press,
Date of publication, distribution, etc c2000.
300 ## - PHYSICAL DESCRIPTION
Extent 4 CD-ROM :
Dimensions 4 3/4 in. +
Accompanying material 1 booklet (2 p. : 18 cm.)
650 ## - SUBJECT ADDED ENTRY--TOPICAL TERM
9 (RLIN) 5501
Topical term or geographic name as entry element English language
General subdivision Grammar.
650 ## - SUBJECT ADDED ENTRY--TOPICAL TERM
9 (RLIN) 3027
Topical term or geographic name as entry element English language
Form subdivision Textbooks for foreign speakers
650 ## - SUBJECT ADDED ENTRY--TOPICAL TERM
9 (RLIN) 34
Topical term or geographic name as entry element English language
General subdivision Study and teaching
-- Foreign speakers
Form subdivision Textbooks for foreign speakers.
700 1# - ADDED ENTRY--PERSONAL NAME
Personal name Seligson, Paul
9 (RLIN) 7944
942 ## - ADDED ENTRY ELEMENTS (KOHA)
Source of classification or shelving scheme Dewey Decimal Classification
Item type Book - Borrowing
Holdings
Withdrawn status Item status Source of classification or shelving scheme Damaged status Not for loan Vendor Home library Current library Shelving location Date acquired Source of acquisition Cost, normal purchase price Serial Enumeration / chronology Total Checkouts Full call number Barcode Date last seen Date last borrowed Koha item type Public note
    Dewey Decimal Classification     Baccah Central Library Central Library Second Floor 12/07/2009   140.00 8139 3 428.24 OXE 000017471 24/08/2022 29/04/2010 CD | DVD - (NB) contain 4 cds